Human motor development : (Record no. 14536)

000 -LEADER
fixed length control field 01111cam a22003134a 4500
001 - CONTROL NUMBER
control field 13514712
005 - DATE AND TIME OF LATEST TRANSACTION
control field 20170105102857.0
008 - FIXED-LENGTH DATA ELEMENTS--GENERAL INFORMATION
fixed length control field 040308s2005 maua b 001 0 eng
010 ## - LIBRARY OF CONGRESS CONTROL NUMBER
LC control number 2004046546
020 ## - INTERNATIONAL STANDARD BOOK NUMBER
International Standard Book Number 0072851694
040 ## - CATALOGING SOURCE
Original cataloging agency DLC
Transcribing agency DLC
Modifying agency DLC
042 ## - AUTHENTICATION CODE
Authentication code pcc
050 00 - LIBRARY OF CONGRESS CALL NUMBER
Classification number RJ133
Item number .P39 2005
082 00 - DEWEY DECIMAL CLASSIFICATION NUMBER
Classification number 155.4/123
Edition number 22
100 1# - MAIN ENTRY--PERSONAL NAME
Personal name Payne, V. Gregory,
Dates associated with a name 1950-
245 10 - TITLE STATEMENT
Title Human motor development :
Remainder of title a lifespan approach /
Statement of responsibility, etc. V. Gregory Payne, Larry D. Isaacs.
250 ## - EDITION STATEMENT
Edition statement 6th ed.
260 ## - PUBLICATION, DISTRIBUTION, ETC.
Place of publication, distribution, etc. Boston :
Name of publisher, distributor, etc. McGraw-Hill,
Date of publication, distribution, etc. c2005.
300 ## - PHYSICAL DESCRIPTION
Extent xxvii, 497, [53] p. :
Other physical details ill. ;
Dimensions 24 cm.
504 ## - BIBLIOGRAPHY, ETC. NOTE
Bibliography, etc. note Includes bibliographical references and indexes.
650 #0 - SUBJECT ADDED ENTRY--TOPICAL TERM
Topical term or geographic name entry element Motor ability in children.
650 #0 - SUBJECT ADDED ENTRY--TOPICAL TERM
Topical term or geographic name entry element Child development.
650 #0 - SUBJECT ADDED ENTRY--TOPICAL TERM
Topical term or geographic name entry element Human mechanics.
700 1# - ADDED ENTRY--PERSONAL NAME
Personal name Isaacs, Larry D.
Fuller form of name (Larry David),
Dates associated with a name 1949-
856 41 - ELECTRONIC LOCATION AND ACCESS
Materials specified Table of contents
Uniform Resource Identifier <a href="http://www.loc.gov/catdir/toc/fy051/2004046546.html">http://www.loc.gov/catdir/toc/fy051/2004046546.html</a>
906 ## - LOCAL DATA ELEMENT F, LDF (RLIN)
a 7
b cbc
c orignew
d 1
e ocip
f 20
g y-gencatlg
942 ## - ADDED ENTRY ELEMENTS (KOHA)
Source of classification or shelving scheme
Koha item type Book
Holdings
Withdrawn status Lost status Damaged status Not for loan Collection code Permanent Location Current Location Shelving location Date acquired Total Checkouts Full call number Barcode Date last seen Price effective from Koha item type
          Centre for International Peace & Stability (CIPS) Centre for International Peace & Stability (CIPS) General Stacks 09/10/2013   155.4123 PAY 2005 CIPS0000847 09/12/2013 09/12/2013 Book
© 2023 Central Library, National University of Sciences and Technology. All Rights Reserved.